[Event "Grenke Chess Classic 2nd"]
[Site "Baden-Baden"]
[Date "2014.09.08"]
[Round "3"]
[White "Naiditsch, Arkadij"]
[Black "Meier, Georg"]
[Result "1-0"]
[WhiteElo "2715"]
[BlackElo "2652"]
[Annotator "CB"]
[PlyCount "49"]
[EventDate "2014.09.06"]
[EventType "tourn"]
[EventRounds "7"]
[EventCountry "GER"]
[EventCategory "15"]
[SourceTitle "CBM 163"]
[Source "ChessBase"]
[SourceDate "2014.11.11"]
[SourceVersion "1"]
[SourceVersionDate "2014.11.11"]
[SourceQuality "1"]

1. d4 Nf6 2. c4 e6 3. Nc3 Bb4 4. Nf3 Bxc3+ 5. bxc3 d6 {In dieser Variante mit
frühem und freiwilligem Tausch des Läufers b4 gegen kam Georg Meier in der
ersten Runde gegen Matthias Blübaum zu einem leichten Sieg. Doch davon
unbeeindruckt wählt Naiditsch ein aggressives Vorgehen und stürmt mit seinen
Bauern am Königsflügel los.} 6. g4 O-O 7. g5 Nfd7 8. h4 Nc6 9. Bg2 Qe8 10. h5
e5 11. g6 h6 {Schwarz will die Stellung möglichst geschlossen hat und nimmt
das Bauernopfer deshalb nicht an.} 12. Nh4 Ne7 13. c5 {Öffnet die Diagonale
a2-g8 für die weiße Dame.} dxc5 14. Rg1 $1 {Erst ein Bauernopfer, dann ein
"ruhiger" Zug.} fxg6 15. hxg6 Rf6 16. Qb3+ Kf8 17. Bxh6 {Energisch gespielt.}
c4 ({Wenn Schwarz den lästigen Bauern auf g6 nimmt, muss sein König ins
Freie gehen und Weiß bekommt starken Angriff:} 17... Nxg6 18. Be4 Nxh4 19.
Bxg7+ Ke7 20. dxe5 Nxe5) 18. Qxc4 Nb6 19. Qd3 gxh6 20. g7+ Kf7 21. Bf3 {
Mit der ekligen Drohung Lh5+.} Qg8 22. Bh5+ Ke6 23. dxe5 Rf4 24. Ng6 Nxg6 25.
Bxg6 {Mit der vernichtenden Drohung Lh7, gegen die Schwarz keine adäquate
Verteidigung hat.} 1-0

[Event "URS-ch50 Final"]
[Site "Moscow"]
[Date "1983.04.14"]
[Round "9"]
[White "Polugaevsky, Lev"]
[Black "Psakhis, Lev"]
[Result "1-0"]
[WhiteElo "2625"]
[BlackElo "2580"]
[Annotator "ChessBase"]
[PlyCount "89"]
[EventDate "1983.04.03"]
[EventType "tourn"]
[EventRounds "17"]
[EventCountry "URS"]
[EventCategory "14"]
[SourceTitle "URS-ch"]
[Source "ChessBase"]
[SourceDate "1999.07.01"]
[SourceVersion "1"]
[SourceVersionDate "1999.07.01"]
[SourceQuality "1"]

1. d4 Nf6 2. c4 e6 3. Nc3 Bb4 4. Qc2 O-O 5. a3 Bxc3+ 6. Qxc3 b6 7. Nf3 Bb7 8.
e3 a5 9. b3 d6 10. Bb2 Nbd7 11. Bd3 Ne4 12. Qc2 f5 13. O-O Rf6 14. c5 bxc5 15.
dxc5 Nexc5 16. Bxf6 Qxf6 17. Be2 Be4 18. Qd1 Bxf3 19. Bxf3 Rb8 20. Bc6 Qb2 21.
Bxd7 Nxd7 {[#]} 22. b4 (22. Qc1 Qxc1 23. Rfxc1 c5 24. Rab1 $14) 22... axb4 23.
Qa4 Nc5 (23... Nb6 $142 24. Qc6 Qc3) 24. Qc6 $1 $16 bxa3 25. Qxc7 Ra8 26. Qxd6
$18 Nb3 27. Qxe6+ Kh8 28. Rab1 Qxb1 29. Rxb1 a2 30. Qxb3 a1=Q 31. g4 Qe5 32. f4
Qd6 33. gxf5 Rf8 34. Rd1 Qc5 35. Rd5 Qc1+ 36. Kg2 h6 37. Qd3 Qb2+ 38. Kg3 Qc1
39. e4 Kh7 40. e5 Qg1+ 41. Kh3 h5 42. f6+ Kh6 43. Qg3 Qf1+ 44. Kh4 gxf6 45.
exf6 1-0

[Event "YUG Team-ch36"]
[Site "Pula"]
[Date "1984.09.10"]
[Round "5.1"]
[White "Djuric, Stefan"]
[Black "Nikolic, Predrag"]
[Result "0-1"]
[WhiteElo "2500"]
[BlackElo "2570"]
[Annotator "ChessBase/Kovacevic,V"]
[PlyCount "82"]
[EventDate "1984.09.05"]
[EventType "team-tourn"]
[EventRounds "9"]
[EventCountry "YUG"]
[SourceTitle "EXT 2010"]
[Source "ChessBase"]
[SourceDate "2010.11.25"]
[SourceVersion "1"]
[SourceVersionDate "2010.11.25"]
[SourceQuality "1"]
[WhiteTeam "Belgrade Crvena Zvezda"]
[BlackTeam "Sarajevo CC"]
[WhiteTeamCountry "YUG"]
[BlackTeamCountry "YUG"]

1. d4 {1)Sahovski Glasnik 1984, p.409} e6 2. c4 Nf6 3. Nf3 Bb4+ 4. Nc3 c5 5. d5
Bxc3+ 6. bxc3 d6 7. dxe6 Bxe6 8. Qd3 Nc6 9. Bg5 h6 10. Bh4 g5 11. Bg3 Qa5 12.
Nd2 O-O-O 13. e4 {[#]} d5 $5 (13... Nh5 $1 14. Qc2 Nxg3 15. hxg3 h5 $16) 14.
exd5 (14. cxd5 Bxd5 15. exd5 Rxd5 16. Qf3 Re8+ 17. Be2 Rxd2 18. O-O Rexe2 19.
Qxf6 $11) 14... Bxd5 15. cxd5 Rxd5 {[#]} 16. Qc4 $2 (16. Qf3 Re8+ 17. Be2 Rxd2
18. O-O Rexe2 19. Qxf6 $11) 16... Re8+ $19 17. Be2 b5 18. Qb3 Rxd2 19. Kxd2 Nd4
20. Bf3 Nxb3+ 21. axb3 Qb6 22. Rhe1 Rxe1 23. Rxe1 Qa5 24. Re5 Qa2+ 25. Ke3 Qxb3
26. Rxc5+ Kd8 27. Kd4 a6 28. h3 Nd7 29. Rc6 f6 30. Bc7+ Ke8 31. Bh5+ Kf8 32.
Bg4 Kg7 33. Bd6 Qa4+ 34. Bb4 a5 35. Ra6 Ne5 36. Bh5 Nc6+ 37. Kc5 Nxb4 38. Ra7+
Kf8 39. Ra8+ Ke7 40. Ra7+ Ke6 41. Bf7+ Kf5 0-1

[Event "Linares 13th"]
[Site "Linares"]
[Date "1995.03.14"]
[Round "11"]
[White "Dreev, Alexey"]
[Black "Ivanchuk, Vassily"]
[Result "0-1"]
[WhiteElo "2650"]
[BlackElo "2700"]
[Annotator "Dautov,R"]
[PlyCount "78"]
[EventDate "1995.03.01"]
[EventType "tourn"]
[EventRounds "13"]
[EventCountry "ESP"]
[EventCategory "17"]
[SourceTitle "CBM 046"]
[Source "ChessBase"]
[SourceDate "1995.06.01"]
[SourceVersion "1"]
[SourceVersionDate "1995.06.01"]
[SourceQuality "1"]

1. d4 {Ftacnik} Nf6 2. c4 e6 3. Nf3 b6 4. Nc3 Bb4 5. Qb3 c5 6. Bf4 (6. a3 Ba5
7. Bg5) 6... O-O 7. e3 d5 8. Rd1 Nbd7 {N} (8... Nc6 9. cxd5 exd5 10. Be2 c4 11.
Qc2 Ne4 12. O-O Bf5 13. Qc1 Rc8 14. Ne1 Nxc3 15. bxc3 Bd6 16. Bxd6 Qxd6 17. Qb2
Rb8 18. g4 Bg6 19. Qb5 f6 20. Bf3 Rfd8 21. Ng2 Be8 22. Nf4 Ne7 23. Qa6 g5 24.
Ne2 $10 {Bareev,E-Dolmatov,S/URS-53ch Kiev/1986/0.5 (41)}) 9. cxd5 $2 (9. dxc5
{>=} bxc5 10. Bd3 $13) (9. Bd6 {Ftacnik} Re8 10. Bd3 Ba6 $132) 9... Nxd5 (9...
exd5 {Ftacnik} 10. dxc5 bxc5 11. Bb5 Bb7 12. O-O $14) 10. Bg5 (10. Bd6 $2 {
Ftacnik} c4 $1) 10... Qc7 $15 {><c3} 11. Bc4 (11. dxc5 {Ftacnik} Nxc5 12. Qc2
Bb7 $15) 11... cxd4 12. Bxd5 (12. exd4 Bb7 13. O-O Bxc3 14. bxc3 Rfc8 15. Nd2
Nxc3 16. Qxc3 b5 $17) (12. Rxd4 {Ftacnik} Nc5 13. Qc2 Bb7 $15) 12... Bxc3+ $1 (
12... exd5 13. Rxd4 (13. Nxd4 Bxc3+ 14. Qxc3 Qxc3+ 15. bxc3 Ba6 $36 {/\Ne5}) (
13. Qxb4 dxc3 14. Bf4 Qc6 15. Nd4 Qg6 $15) 13... Bxc3+ 14. Qxc3 Qxc3+ 15. bxc3
Bb7 16. c4 (16. O-O Rac8 $15) 16... Rfc8 17. cxd5 Rc1+ 18. Rd1 Rxd1+ 19. Kxd1
Bxd5 $15) 13. bxc3 exd5 14. cxd4 (14. Qxd5 {Ftacnik} Qxc3+ 15. Nd2 dxe3 16.
Bxe3 Rb8 $17) 14... Ba6 $36 {עe1} 15. Nd2 (15. Qxd5 $2 Qc3+ 16. Nd2 (16. Rd2
Rac8 17. Qb3 Qa5 18. Qb2 Rc3 $17 {/\Rfc8}) 16... Qd3 17. Qf3 Rac8 18. Nb3 Qb5
$17 {/\Rc2}) 15... Rfe8 16. Qa3 (16. f3 h6 17. Bh4 Qf4 18. Bf2 Qxd4 $17) (16.
Qxd5 h6 17. Bh4 Qc3 18. Qb3 (18. Qxd7 $2 Rxe3+ 19. fxe3 Qxe3#) (18. Be7 {
Ftacnik} Rad8 19. Qe4 Nf6 20. Qe5 Qd3 $19) 18... Qxd4 $17) 16... Qb7 17. f3
Rac8 $17 18. Qb3 (18. Rc1 {Ftacnik} Rxc1+ 19. Qxc1 Rc8 20. Qb1 Qc6 21. Kf2 h6
22. Bf4 g5 23. Bg3 Qc3 24. Rd1 Re8 25. Qb3 Rxe3 26. Qxc3 Rxc3 $17) 18... Bc4
19. Qa3 (19. Qb2 Bd3 20. Qa3 Qa6 21. Qxa6 Bxa6 22. Kf2 Rc2 $17) (19. Nxc4 $142
dxc4 (19... Rxc4 20. O-O Qc6 $17) 20. Qc3 b5 (20... h6 {Ftacnik} 21. Bf4 g5 22.
Bg3 Nf6 23. Bf2 (23. e4 Nxe4 24. fxe4 Qxe4+ 25. Kd2 Qxg2+ 26. Kc1 Qxa2 $17)
23... Nd5 24. Qc1 Qa6 25. O-O Qxa2 $17) 21. O-O b4 $17) 19... Bb5 20. Rb1 (20.
Qb3 {Ftacnik} Qc6 $17) 20... Qa6 21. Qxa6 (21. Qd6 {Ftacnik} Nf6 (21... h6 22.
Bf4 Bd3 23. Qxd7 Bxb1 24. Nxb1 Qd3 25. Kf2 Rc2+ 26. Kg3 $13) 22. Qg3 Qa3 23.
Rxb5 Rc1+ 24. Ke2 Rxh1 $19) 21... Bxa6 22. Kf2 (22. Kd1 {Ftacnik} h6 23. Bf4 g5
$19) 22... Rc2 23. Rhd1 h6 24. Bf4 Rec8 (24... Rxa2 {Ftacnik} 25. Ra1 Rxa1 26.
Rxa1 Bb5 27. Rxa7 $132) 25. a3 (25. a4 {Ftacnik} g5 (25... Ra2 26. Ra1 Rcc2 27.
e4 $15) 26. Bd6 Ra2 27. Ra1 Rcc2 28. Bb4 Bc4 29. Ke1 a5 30. Rxa2 Rxa2 31. Nxc4
dxc4 32. Bd6 Rxa4 33. Rb1 Ra2 $19) 25... R8c3 26. Bd6 (26. Ra1 {Ftacnik} Rd3
27. Ke1 g5 $19) 26... Rd3 27. Bb4 Bb5 $19 {/\a5} 28. a4 (28. Rbc1 Ra2 29. Rc7
a5 30. Bc3 Rc2 $19 (30... Rc2 {Ftacnik} 31. Rb1 Ba4 $19)) 28... Bxa4 29. Ra1
Bb5 30. Ra3 (30. Rxa7 Rb2 $19) 30... Rxa3 (30... a5 {Ftacnik} 31. Rxd3 Bxd3 32.
Bd6 b5 $19) 31. Bxa3 Ba4 $1 32. Bc1 $8 (32. Bb4 {Ftacnik} a5 33. Bd6 Ra2 $19)
32... b5 33. e4 (33. Ke2 {Ftacnik} b4 34. Kd3 Rc3+ $19) 33... b4 34. Re1 (34.
exd5 {Ftacnik} b3 35. Ba3 Ra2 36. Bc5 b2 37. Re1 Nxc5 38. dxc5 b1=Q 39. Rxb1
Rxd2+ $19) 34... b3 35. Ke3 b2 36. Bxb2 Rxb2 37. exd5 Nb6 38. d6 f5 (38... Bb5
$19 {Ftacnik}) 39. Nb1 Nd5+ (39... Nd5+ {Ftacnik} 40. Kd3 Bb5#) 0-1

[Event "Horgen"]
[Site "Horgen"]
[Date "1995.10.24"]
[Round "4"]
[White "Kortschnoj, Viktor Lvovich"]
[Black "Ivanchuk, Vassily"]
[Result "0-1"]
[WhiteElo "2635"]
[BlackElo "2740"]
[Annotator "Dautov,R"]
[PlyCount "84"]
[EventDate "1995.10.??"]
[EventType "tourn"]
[EventRounds "11"]
[EventCountry "SUI"]
[EventCategory "17"]
[SourceTitle "CBM 050"]
[Source "ChessBase"]
[SourceDate "1996.02.01"]
[SourceVersion "1"]
[SourceVersionDate "1996.02.01"]
[SourceQuality "1"]

1. d4 {Hecht Donev} e6 2. c4 Nf6 3. Nf3 b6 4. Nc3 Bb7 5. g3 Bb4 (5... Bxf3 $5
6. exf3 d5 7. Bg2 (7. cxd5 Nxd5 $10) 7... c6 8. cxd5 cxd5 9. O-O Nc6 10. f4 g6
$10) 6. Bd2 Bxf3 (6... Nc6 {Donev} 7. a3 Bxc3 8. Bxc3 d5 9. Bg2 dxc4 10. Ne5
Nd5 11. Nxc4 O-O 12. O-O a5 13. Rc1 Qd7 14. Be1 Rfd8 15. Ne3 Nde7 16. Bc3 Rab8
17. Qc2 Na7 18. Rfd1 Qe8 19. Bxb7 Rxb7 20. Qe4 Nd5 21. Be1 {Kortschnoj,
V-Adorjan,A/Linares ;MCL 01 1985/1-0 (49)}) (6... c5 {Donev} 7. dxc5 bxc5 8.
Bg2 O-O 9. O-O Nc6 10. Qc2 d6 11. Rfd1 Qe7 12. Bg5 Bxc3 13. Qxc3 Rfd8 14. Rd2
Rd7 15. Rad1 Rad8 16. Ne1 Kf8 17. e3 h6 18. Bxf6 Qxf6 19. Qc2 Ke7 20. a3 Ne5
21. f4 Bxg2 22. Kxg2 Nc6 23. Nf3 g5 24. Qe4 Rc7 25. fxg5 hxg5 26. g4 a5 27. b3
Qg7 28. Rf2 f6 29. Rfd2 Rdd7 30. Rf2 Rc8 31. Rdf1 d5 {1/2-1/2 Lerner,K-Psakhis,
L/URS-FL Tallinn ;MCL 06 1983}) 7. exf3 O-O (7... Nc6 8. a3 Be7 9. Be3 O-O 10.
d5 Na5 11. Be2 Nb7 $10 {Garcia Gonzales,G-Kortchnoi,V/Biel 1984} (11... Nb7 {
Donev} 12. O-O a5 13. Qc2 Bc5 14. Rfe1 Bxe3 15. fxe3 Qe7 16. Bf1 c6 17. dxc6 {
1/2-1/2 Garcia Gonzales,G-Kortschnoj,V/Biel ;MCL 02 1984})) 8. Bg2 Nc6 {N} (
8... d5 9. cxd5 Nxd5 10. f4 c6 11. O-O Ne7 12. a3 Bxc3 13. bxc3 Nd7 14. c4 Rc8
15. Qa4 Qc7 16. Rfd1 Rfd8 17. f5 Nxf5 18. Bf4 Qb7 19. Bg5 f6 20. Bf4 Nf8 21. d5
cxd5 22. cxd5 e5 23. Bh3 {Garcia Gonzales,G-Georgiev,Ki/Thessaloniki olm (07) ;
BIG 80 1984/0-1 (58)}) 9. a3 Bxc3 $1 (9... Be7 10. Be3 d5 11. f4 $13) 10. Bxc3
d5 $10 11. Qa4 Qd7 12. f4 Rad8 13. O-O-O Ne7 14. Qxd7 Rxd7 15. b3 c6 (15...
Rfd8 $5) 16. Rhe1 (16. a4 Rfd8 17. Rd2 dxc4 18. bxc4 Nf5 19. Rhd1 Nd6 20. d5 (
20. Bf1 Nde4 $17) (20. Bxc6 Rc7 21. d5 Nxc4 22. Bxf6 gxf6 23. Rc2 Na5 $17)
20... Nxc4 21. dxc6 (21. dxe6 Rxd2 22. Bxd2 fxe6 23. Bxc6 $2 Rc8 $19) 21...
Nxd2 22. cxd7 Nb3+ 23. Kb2 Nc5 24. Bxf6 gxf6 25. Bc6 Kf8 $17) 16... dxc4 17.
bxc4 Rfd8 {[%csl Rd4][%cal Rd7d4] /\Nf5} 18. Bh3 $8 (18. Rd2 Nf5 19. Red1 Nd6
$17) 18... Nf5 19. Bxf5 exf5 20. f3 Ne8 $1 {[%csl Rc4,Rd4] ><c4,d4,/\Nd6,/
\Nc7-e6} 21. Kc2 Nc7 22. g4 $6 (22. Rd2 {>=} f6 (22... b5 23. Ba5 bxc4 24. Bxc7
Rxc7 25. Kc3 $10) (22... Ne6 23. Re5 g6 24. d5 cxd5 25. Rexd5 $10) 23. a4 Kf7
24. Rde2 $10) 22... f6 23. gxf5 {[%csl Rf3,Rf4,Rf5] ><f5,f4,f3} (23. Rd2 Kf7
24. Rde2 Re8 25. Rxe8 Nxe8 $15) 23... b5 $1 $15 24. Ba5 bxc4 25. a4 (25. Bxc7
Rxc7 26. Kc3 Rd5 27. Kxc4 Rxf5 28. Re4 Rb7 29. Rd2 Kf7 $15) 25... Rb8 $6 (25...
Rc8 $5 26. Bxc7 Rcxc7 27. Kc3 Rd5 28. Kxc4 Rxf5 $15) 26. Bxc7 Rxc7 {Hecht: TT
- TT Motive: zersplitterte weiße B-Stellung, schwarze Freibauern am K-Flügel}
27. Kc3 Rd8 (27... Rb3+ 28. Kxc4 Rxf3 29. Kc5 $1 Rxf4 30. Kd6 $132) 28. Kxc4
Rd5 29. Re8+ $1 (29. Rb1 Rxf5 30. Re4 Kf7 $15) 29... Kf7 30. Rb8 {/\Rdb1-b7}
Ra5 (30... Rxf5 31. Rdb1 Rxf4 32. R1b7 $13) 31. Ra1 $2 (31. Rdb1 Rd7 (31...
Rxa4+ 32. Kc5 Rd7 33. R1b4 $10) 32. R1b4 $1 $10 (32. R1b7 Rxa4+ 33. Kc5 Raxd4
34. Kxc6 R4d6+ 35. Kc5 {/\Rxa7} a6 $15 {/\g6})) 31... Rd7 $1 $17 32. Rc8 Rxf5
33. Rxc6 Rxf4 34. Rd1 Rxf3 35. Rd2 g5 36. d5 h5 37. a5 h4 38. a6 g4 $19 39. Rb2
Rf4+ 40. Kc5 Rf5 41. Rd2 (41. Rd6 Rxd6 (41... Re7 $19) 42. Kxd6 g3 43. hxg3
hxg3 44. Rg2 Rf3 45. Kc6 f5 46. d6 Rc3+ 47. Kb7 Ke6 48. Rd2 Kd7 $19) 41... g3
42. Rd6 Rxd6 (42... Rxd6 43. Kxd6 Rf2 $19 (43... Rf2 {Hecht} 44. Rd1 g2 45. Rg1
h3 46. Kc7 Rf1 $19)) 0-1

[Event "Bundesliga 1920"]
[Site "Germany"]
[Date "2020.02.22"]
[Round "7.6"]
[White "Edouard, Romain"]
[Black "Meier, Georg"]
[Result "1/2-1/2"]
[WhiteElo "2635"]
[BlackElo "2628"]
[Annotator "Edouard,R"]
[PlyCount "119"]
[EventDate "2019.11.23"]
[EventType "team-tourn"]
[EventRounds "15"]
[EventCountry "GER"]
[SourceTitle "CBM 195 Extra"]
[Source "ChessBase"]
[SourceDate "2020.05.31"]
[SourceVersion "1"]
[SourceVersionDate "2020.05.31"]
[SourceQuality "1"]
[WhiteTeam "Werder Bremen"]
[BlackTeam "Deizisau"]
[WhiteTeamCountry "GER"]
[BlackTeamCountry "GER"]

1. c4 Nf6 2. Nc3 e6 3. d4 Bb4 4. Nf3 Bxc3+ 5. bxc3 d6 6. Nd2 (6. g4 $5 {
was tried by German GMs Naiditsch and Bluebaum, but I didn't believe in it
very much.}) 6... e5 (6... O-O 7. e4 e5 8. Bd3 Nc6 9. Bb2 Ne7 10. O-O Ng6 11.
g3 Bh3 12. Re1 $36 {0-1 (69) Urkedal,F (2550)-Vitiugov,N (2732)
Khanty-Mansiysk 2019}) 7. e4 Nc6 8. d5 Ne7 9. g3 O-O (9... h5 $5 {might have
been annoying:} 10. h4 (10. h3 h4 11. g4 Ng6 $132) 10... O-O 11. Bg2 c6 12. O-O
Bg4 13. f3 Bd7 $11 {and it's going to be difficult to push f4.}) 10. Bg2 Nd7 (
10... c6 $5) 11. O-O h6 12. Kh1 b6 13. f4 Ba6 (13... exf4 $5 14. gxf4 Ng6 $13 (
14... f5 $2 15. e5 $16)) 14. f5 f6 15. g4 Kf7 16. h4 Rh8 17. Rf3 Nc5 18. Rh3 {
I just continue my attack. Future will tell us what is actually going on!} Qd7
19. a4 c6 20. Ba3 Nb7 $1 (20... cxd5 21. Bxc5 bxc5 22. cxd5 {followed by Bf1
looked annoying for Black.}) 21. a5 Qc7 22. Qf3 Nxa5 23. g5 $6 {That's
probably a bit too much.} (23. Bf1 $5) 23... hxg5 24. hxg5 Raf8 ({The engine
just goes} 24... Nxc4 25. Nxc4 Bxc4 26. g6+ Kg8 27. Rxh8+ Kxh8 {and laughs at
my attack.}) 25. Bb4 c5 $2 (25... Nxc4 26. Rxa6 Nxd2 27. Qd3 Rxh3+ 28. Bxh3 c5
$1 $17) 26. Bxa5 bxa5 27. Kg1 Ke8 28. Nb3 $2 {A terrible move. Qg4, Qg3, g6 -
anything would be better.} Qb6 $1 29. Nxa5 Qb2 {Initiative now belongs to
Black.} 30. Rd1 fxg5 31. Rg3 $2 {Again, any other, but not this one.} Ng6 $1 {
That's really bad news.} 32. Rxg5 $2 (32. Qf2 {was necessary.}) 32... Nf4 33.
Rxg7 Rf7 $1 34. Rg4 {At that point I knew my position was losing, but I had no
idea how hopeless it was.} (34. Rxf7 Kxf7 $19) 34... Ne2+ (34... Qa2 $1 35. Nc6
Ne2+ 36. Kf1 Bxc4 37. Ke1 Nxc3 {was a clean way to win the game.}) 35. Kf1 Nxc3
36. Re1 Qb4 37. Nc6 (37. Rg3 Nxe4 $17) 37... Bxc4+ $2 {A surprising move! Now
I was convinced I was fine - and for good reason.} (37... Qxc4+ 38. Kg1 (38.
Kf2 $2 Qa2+) 38... Ne2+ 39. Kf2 Nf4 $19) 38. Kg1 Qb2 39. Qg3 Kf8 40. Bf3 $2 {
Looking for a win.} (40. Nd8 {is just a draw:} Ne2+ 41. Rxe2 Qxe2 42. Rg8+ $5 (
42. Rh4 $5) (42. Ne6+ $5 Ke7 43. Rh4) 42... Rxg8 43. Ne6+ Ke7 44. Qxg8 Qe1+ $11
) 40... Nb5 41. Nd8 Nd4 (41... Qd4+ $5 42. Qf2 Bxd5 43. exd5 Rh1+ 44. Bxh1
Qxg4+ 45. Bg2 Rxf5 $44) 42. Ne6+ $2 (42. Bg2 $1 {was required, but of course
it is no fun that I could have reached the same position with the black knight
on d4 and not c3.}) 42... Ke7 $2 (42... Nxe6 $1 43. dxe6 Qd4+ $1 44. Qf2 (44.
Kg2 Rfh7 $19) 44... Bxe6 $19) 43. Bd1 $2 (43. Bg2 Ne2+ 44. Rxe2 Qxe2 45. Rh4
Rh5 46. Rxh5 Qxh5 47. Qg8 Kf6 48. Qd8+ Re7 49. Qf8+ $11) 43... Qd2 $2 (43...
Nxe6 $1 44. dxe6 Qd4+ 45. Kg2 (45. Qe3 Rfh7 46. Qxd4 exd4 $17) 45... Qd2+ 46.
Kg1 Bxe6 47. fxe6 Rh3 $1 $19) (43... Bxd5 $6 {leads to a funny draw:} 44. Rh4
$5 (44. exd5 Nxf5 $44) 44... Nxe6 45. Rxh8 Rg7 46. Bg4 Nf4 47. exd5 Qd4+ 48.
Kf1 Qc4+ 49. Kg1 Ne2+ 50. Rxe2 Rxg4 51. f6+ Kxf6 52. Rf2+ Ke7 53. Rh7+ Ke8 54.
Rh8+ $11) 44. f6+ $1 Kxf6 45. Rf4+ Qxf4 (45... exf4 46. Qg5#) 46. Nxf4 exf4 (
46... Rg7 47. Bg4 Ke7 $1 {should also hold!} (47... exf4 $2 48. Qxf4+ Ke7 49.
e5 $18)) 47. Qxf4+ Ke7 48. Qg5+ Kd7 {And here I simply couldn't find a win.
The reason for it is simple: it doesn't exist.} 49. Bg4+ (49. Bh5 Rfh7 50. Bg4+
Kc7 51. Kf2 {was perhaps the best try.}) 49... Kc7 50. Ra1 (50. Qg6 Rhh7 51. e5
Nf3+ 52. Bxf3 Rhg7 $15) (50. Rc1 $2 Rhh7 $1 51. Rxc4 Rhg7 {and Black wins!})
50... a6 $2 (50... Kb7 $5) 51. e5 Bxd5 52. exd6+ Kxd6 53. Rxa6+ Nc6 54. Bh5 $4
(54. Qg6+ {would have given White huge practical chances:} Ke5 (54... Ke7 55.
Bh5 Rff8 56. Qg7+ Ke6 57. Bf7+ Rxf7 58. Qxh8 {should be a win.}) 55. Bf3 $1 (
55. Bh5 Rhf8 $11) 55... Rxf3 56. Qg7+ Kd6 57. Qxh8 Rf1+ $1 58. Kxf1 Bc4+ 59.
Kf2 Bxa6 {with a theoretical draw with Black plays a few precise moves.}) 54...
Rg8 $1 {Oops, what a blunder.} 55. Qxg8 Rf1+ 56. Kxf1 Bxg8 57. Kf2 c4 58. Ke3
Bd5 59. Kd2 Kc5 60. Kc3 {And unfortunately we lost the match 3,5-4.5.} 1/2-1/2